Image Processing and Analysis with Graphs (Record no. 83036)
[ view plain ]
| 000 -LEADER | |
|---|---|
| fixed length control field | 00678 a2200217 4500 |
| 005 - DATE AND TIME OF LATEST TRANSACTION | |
| control field | 20160115124303.0 |
| 008 - FIXED-LENGTH DATA ELEMENTS--GENERAL INFORMATION | |
| fixed length control field | 160115b xxu||||| |||| 00| 0 eng d |
| 020 ## - INTERNATIONAL STANDARD BOOK NUMBER | |
| International Standard Book Number | 9781439855089 |
| 100 ## - MAIN ENTRY--PERSONAL NAME | |
| Personal name | Lézoray, Olivier |
| 245 ## - TITLE STATEMENT | |
| Title | Image Processing and Analysis with Graphs |
| 260 ## - PUBLICATION, DISTRIBUTION, ETC. (IMPRINT) | |
| Date of publication, distribution, etc | 2012 |
| Name of publisher, distributor, etc | CRC |
| 653 ## - INDEX TERM--UNCONTROLLED | |
| Uncontrolled term | Computer vision--Mathematics |
| 653 ## - INDEX TERM--UNCONTROLLED | |
| Uncontrolled term | Image processing--Digital techniques |
| 653 ## - INDEX TERM--UNCONTROLLED | |
| Uncontrolled term | Graph theory |
| 653 ## - INDEX TERM--UNCONTROLLED | |
| Uncontrolled term | COMPUTERS / Computer Graphics |
| 653 ## - INDEX TERM--UNCONTROLLED | |
| Uncontrolled term | COMPUTERS / Machine Theory |
| 653 ## - INDEX TERM--UNCONTROLLED | |
| Uncontrolled term | TECHNOLOGY & ENGINEERING / Imaging Systems |
| 700 ## - ADDED ENTRY--PERSONAL NAME | |
| Personal name | Grady, Leo |
| 856 ## - ELECTRONIC LOCATION AND ACCESS | |
| Uniform Resource Identifier | http://www.crcnetbase.com/isbn/978-1-4398-5507-2 |
| 942 ## - ADDED ENTRY ELEMENTS (KOHA) | |
| item type | E-books |
| Lost status | Source of classification or shelving scheme | Not for loan | Home library | Current library | Date acquired | Total Checkouts | Barcode | Date last seen | Price effective from | Koha item type |
|---|---|---|---|---|---|---|---|---|---|---|
| Universal Decimal Classification | University Library | University Library | 15/01/2016 | EB000458 | 15/01/2016 | 15/01/2016 | E-books |
